000 00562nam a22001817a 4500
999 _c194883
_d194883
005 20230406115256.0
010 _aENG-136057
020 _a9789350832561
_c3000.00
035 _aEN-119589
037 _bDBAD/PUB
082 _a294.5924047
100 _aGarga, Malayaj
245 _aThe Holy Gita:
_bThe Discourse Nonpareil/
_cMalayaj Garga
260 _aNew Delhi
_bFusion Books
_c2013
270 _aX-30, Okhla Industrial Area, Phase-2
_bNew Delhi
_e110020
_msales@dpb.in
300 _a958p.
_c28cm(hbk)
942 _2ddc
_cEN
_h294.5924047
_mGAR